书目信息 |
| 题名: |
世界银行集团
|
|
| 作者: | 马仁真 , 何曼青 编著 | |
| 分册: | ||
| 出版信息: | 北京 社会科学文献出版社 2004 |
|
| 页数: | 349页 | |
| 开本: | 21cm | |
| 丛书名: | 列国志 | |
| 单 册: | ||
| 中图分类: | F831.2 | |
| 科图分类: | ||
| 主题词: | 世界银行--简介 | |
| 电子资源: | ||
| ISBN: | 7-80190-387-0 | |
| 000 | 01332nam0 2200373 450 | |
| 000 | 01295nam0 2200361 450 | |
| 000 | 01277nam0 2200361 450 | |
| 000 | 01240nam0 2200349 450 | |
| 000 | 01258nam0 2200337 450 | |
| 000 | 01221nam0 2200325 45 | |
| 001 | TS2006011237 | |
| 005 | 20070113082153.73 | |
| 010 | @a7-80190-387-0@dCNY26.00 | |
| 092 | @aCN@bTS01-012072 | |
| 100 | @a20060829d2004 em y0chiy0110 ea | |
| 101 | 0 | @achi |
| 102 | @aCN@b110000 | |
| 105 | @aa z 000yy | |
| 200 | 1 | @a世界银行集团@AShi Jie Yin Hang Ji Tuan@f何曼青,马仁真编著@FHe Man Qing, Ma Ren Zhen Bian Zhu |
| 210 | @a北京@c社会科学文献出版社@d2004 | |
| 215 | @a349页@c照片@d21cm | |
| 225 | 2 | @a列国志 |
| 300 | @a中国社会科学院重大课题 国家“十五”重点出版项目 | |
| 330 | @a本书系统地介绍了世界银行的性质与职能、主要业务活动、项目管理制度以及中国与世界银行的关系,并对我国在利用世行贷款中存在的问题提供建议。 | |
| 410 | 0 | @1001002439188@12001 @a列国志 |
| 510 | 1 | @aThe World Bank Group@zeng |
| 606 | @a世界银行@x简介 | |
| 690 | @aF831.2@v4 | |
| 701 | 0 | @a马仁真@AMa Ren Zhen@4编著 |
| 701 | 0 | @a何曼青@AHe Man Qing@c(女)@4编著 |
| 801 | 0 | @aCN@b中图数据@c20070113 |
| 905 | @a10447@dF831.2@e20 | |
| 世界银行集团/何曼青,马仁真编著.-北京:社会科学文献出版社,2004 |
| 349页:照片;21cm.-(列国志) |
| 中国社会科学院重大课题 国家“十五”重点出版项目 |
| ISBN 7-80190-387-0:CNY26.00 |
| 本书系统地介绍了世界银行的性质与职能、主要业务活动、项目管理制度以及中国与世界银行的关系,并对我国在利用世行贷款中存在的问题提供建议。 |
| ● |
| 相关链接 |
|
|
|
|
正题名:世界银行集团
索取号:F831.2/20
 
预约/预借
| 序号 | 登录号 | 条形码 | 馆藏地/架位号 | 状态 | 备注 |
| 1 | 0616675 | 206166753 | 第一样本阅览室/ [索取号:F831.2/20] | 在馆 | |
| 2 | 0616676 | 206166762 | 第一借阅区/ [索取号:F831.2/20] | 在馆 | |
| 3 | 0616677 | 206166771 | 第一借阅区/ [索取号:F831.2/20] | 在馆 | |
| 4 | 0616678 | 206166780 | 第一借阅区/ [索取号:F831.2/20] | 在馆 | |
| 5 | 0616679 | 206166799 | 第一借阅区/ [索取号:F831.2/20] | 在馆 |